000
00180 a2200097 4500
020
_a
078073004997
041
_a
eng
100
_a
Emily Rodda
245
_a
Return to del
942
_c
K
999
_c
26725
_d
26725